| Tag |
First Indicator |
Second Indicator |
Subfields |
| LEADER |
00000cam a2200000 a 4500 |
| 001 |
in00000074467 |
| 005 |
20151008053545.0 |
| 008 |
710526m19719999nyu b s101 0 eng |
| 010 |
|
|
|a 69014648
|
| 020 |
|
|
|a 087395050X (v. 1) :
|c $25.00
|
| 035 |
|
|
|a (OCoLC)ocm00140479
|
| 035 |
|
|
|9 AAH7826AM
|
| 040 |
|
|
|a DLC
|c DLC
|d TXA
|d UtOrBLW
|
| 043 |
|
|
|a e-gr---
|
| 049 |
|
|
|a TXAM
|
| 050 |
0 |
0 |
|a B171
|b .A56
|
| 082 |
0 |
0 |
|a 180
|2 19
|
| 245 |
0 |
0 |
|a Essays in ancient Greek philosophy /
|c edited by John P. Anton with George L. Kustas.
|
| 264 |
|
1 |
|a Albany :
|b State University of New York Press,
|c [1971-<>]
|
| 264 |
|
4 |
|c [©2001]
|
| 300 |
|
|
|a volumes <1-6> ;
|c 24 cm.
|
| 336 |
|
|
|a text
|b txt
|2 rdacontent
|
| 337 |
|
|
|a unmediated
|b n
|2 rdamedia
|
| 338 |
|
|
|a volume
|b nc
|2 rdacarrier
|
| 500 |
|
|
|a Papers originally presented at the annual meetings of the Society for Ancient Greek Philosophy, 1953-
|
| 500 |
|
|
|a Volume 2-<6> edited by John P. Anton and Anthony Preus.
|
| 500 |
|
|
|a Papers originally presented at the annual meetings of the Society for Ancient Greek Philosophy, 1953-<1979 >
|
| 500 |
|
|
|a Volume 2-4: Edited by John P. Anton and Anthony Preus.
|
| 504 |
|
|
|a Includes bibliographical references and indexes.
|
| 505 |
1 |
|
|a v. 1-2. [without special title] -- v. 3. Plato -- v. 4. Aristotle's ethics -- [v.] 5. Aristotle's ontology -- [v.] 6. Before Plato.
|
| 650 |
|
0 |
|a Philosophy, Ancient
|v Congresses.
|
| 600 |
0 |
0 |
|a Plato
|v Congresses.
|
| 700 |
1 |
|
|a Anton, John P.
|q (John Peter),
|d 1920-
|
| 700 |
1 |
|
|a Kustas, George L.
|
| 700 |
1 |
|
|a Preus, Anthony.
|
| 710 |
2 |
|
|a Society for Ancient Greek Philosophy (U.S.)
|
| 994 |
|
|
|a E0
|b TXA
|
| 999 |
|
|
|a MARS
|
| 999 |
f |
f |
|s e4ebd9c9-b688-3693-a1fe-392f255af795
|i cc1f2a29-3338-304b-99be-687805c4f404
|t 0
|
| 952 |
f |
f |
|p ric
|a Texas A&M University
|b Rellis Campus
|c Joint Library Facility
|d Remote Storage
|t 0
|e B171 .A56
|h Library of Congress classification
|i unmediated -- volume
|k v.4
|m A14815111619
|
| 952 |
f |
f |
|p ric
|a Texas A&M University
|b Rellis Campus
|c Joint Library Facility
|d Remote Storage
|t 0
|e B171 .A56
|h Library of Congress classification
|i unmediated -- volume
|k v.3
|m A14815102432
|
| 952 |
f |
f |
|p ric
|a Texas A&M University
|b Rellis Campus
|c Joint Library Facility
|d Remote Storage
|t 0
|e B171 .A56
|h Library of Congress classification
|i unmediated -- volume
|k v.1
|m A14801590403
|
| 952 |
f |
f |
|p ric
|a Texas A&M University
|b Rellis Campus
|c Joint Library Facility
|d Remote Storage
|t 0
|e B171 .A56
|h Library of Congress classification
|i unmediated -- volume
|k v.6
|m A14829950758
|
| 952 |
f |
f |
|p ric
|a Texas A&M University
|b Rellis Campus
|c Joint Library Facility
|d Remote Storage
|t 0
|e B171 .A56
|h Library of Congress classification
|i unmediated -- volume
|k v.2
|m A14808447253
|
| 952 |
f |
f |
|p ric
|a Texas A&M University
|b Rellis Campus
|c Joint Library Facility
|d Remote Storage
|t 0
|e B171 .A56
|h Library of Congress classification
|i unmediated -- volume
|k v.5
|m A14829950839
|
| 998 |
f |
f |
|a B171 .A56
|s v.1-v.6
|t 0
|l Remote Storage
|